[Event "SWE-chT 2223 Elite"]
[Site "Sweden"]
[Date "2023.03.12"]
[Round "9.4"]
[White "Vernersson, Per"]
[Black "Andersson, Fredrik1111"]
[Result "1/2-1/2"]
[WhiteElo "2264"]
[BlackElo "2268"]
[PlyCount "35"]
[EventDate "2022.10.14"]
[EventType "team-tourn"]
[EventRounds "9"]
[EventCountry "SWE"]
[SourceTitle "CBM 213 Extra"]
[Source "ChessBase"]
[SourceDate "2023.05.31"]
[SourceVersion "1"]
[SourceVersionDate "2023.05.31"]
[SourceQuality "1"]
[WhiteTeam "Eksjo"]
[BlackTeam "Kungstornet"]
[WhiteTeamCountry "SWE"]
[BlackTeamCountry "SWE"]

1. Nf3 Nf6 2. c4 g6 3. g3 Bg7 4. Nc3 0-0 5. Bg2 d6 6. 0-0 e5 7. d3 Nc6 8. Rb1 a5 9. a3 Re8 10. Bg5 h6 11. Bxf6 Bxf6 12. b4 axb4 13. axb4 Bg7 14. e3 Bg4 15. h3 Be6 16. Nd5 Ne7 17. Nd2 c6 18. Nxe7+ 1/2-1/2

[Event "SWE-chT 1920 Elite"]
[Site "Sweden"]
[Date "2019.10.18"]
[Round "1.3"]
[White "Vernersson, Per"]
[Black "Lokander, Martin"]
[Result "0-1"]
[WhiteElo "2275"]
[BlackElo "2401"]
[PlyCount "74"]
[EventDate "2019.10.18"]
[EventType "team-tourn"]
[EventRounds "9"]
[EventCountry "SWE"]
[SourceTitle "CBM 192 Extra"]
[Source "Chessbase"]
[SourceDate "2019.11.06"]
[SourceVersion "1"]
[SourceVersionDate "2019.11.06"]
[SourceQuality "1"]
[WhiteTeam "Eksjo"]
[BlackTeam "Stockholm CC"]
[WhiteTeamCountry "SWE"]
[BlackTeamCountry "SWE"]

1. d4 Nf6 2. c4 c5 3. d5 b5 4. cxb5 a6 5. bxa6 g6 6. Nc3 Bg7 7. Nf3 0-0 8. e4 Qa5 9. Bd2 Bxa6 10. Bxa6 Qxa6 11. Qe2 e6 12. Qxa6 Nxa6 13. 0-0 Nb4 14. d6 Nd3 15. Rab1 Rfb8 16. b3 Ne8 17. Na4 Nxd6 18. Be3 Nxe4 19. Rbd1 Rxa4 20. bxa4 c4 21. a5 Ra8 22. Rb1 Nb2 23. Rfc1 d5 24. Bb6 Nd3 25. Rc2 Nc3 26. Rf1 Nb4 27. Rd2 e5 28. a3 Nc6 29. Rc1 e4 30. Ng5 h6 31. Nh3 d4 32. Kf1 d3 33. f3 Nxa5 34. Bxa5 Rxa5 35. fxe4 Nxe4 36. Rdd1 Rf5+ 37. Kg1 Nc3 0-1

[Event "SWE-chT 1819 Elite"]
[Site "Sweden"]
[Date "2019.03.31"]
[Round "9.4"]
[White "Vernersson, Per"]
[Black "Olund, Joar"]
[Result "1/2-1/2"]
[WhiteElo "2296"]
[BlackElo "2353"]
[PlyCount "58"]
[EventDate "2018.11.09"]
[EventType "team-tourn"]
[EventRounds "9"]
[EventCountry "SWE"]
[SourceTitle "CBM 189 Extra"]
[Source "ChessBase"]
[SourceDate "2019.06.03"]
[SourceVersion "1"]
[SourceVersionDate "2019.06.03"]
[SourceQuality "1"]
[WhiteTeam "Eksjo"]
[BlackTeam "Stockholm Rockaden"]
[WhiteTeamCountry "SWE"]
[BlackTeamCountry "SWE"]

1. d4 Nf6 2. c4 g6 3. Nc3 Bg7 4. e4 d6 5. Be2 0-0 6. Nf3 Bg4 7. Be3 Nfd7 8. Ng1 Bxe2 9. Ngxe2 e5 10. 0-0 Nc6 11. dxe5 dxe5 12. Qd2 Nb6 13. Qxd8 Rfxd8 14. b3 Nd4 15. Rad1 c6 16. Rd2 Nxe2+ 17. Rxe2 Rd3 18. Rc1 Rad8 19. Kf1 Bf8 20. c5 Nd7 21. Na4 Nb8 22. Nb2 R3d7 23. b4 Na6 24. a3 f6 25. Ree1 Nc7 26. Red1 Kf7 27. Rxd7+ Rxd7 28. Ke2 Ke6 29. Rd1 Rxd1 1/2-1/2

[Event "Lund CellaVision Cup"]
[Site "Lund"]
[Date "2018.08.04"]
[Round "6"]
[White "Golubka, Petr"]
[Black "Vernersson, Per"]
[Result "1/2-1/2"]
[WhiteElo "2478"]
[BlackElo "2290"]
[PlyCount "45"]
[EventDate "2018.08.03"]
[EventType "swiss"]
[EventRounds "8"]
[EventCountry "SWE"]
[SourceTitle "CBM 186 Extra"]
[Source "ChessBase"]
[SourceDate "2018.08.24"]
[SourceVersion "1"]
[SourceVersionDate "2018.08.24"]
[SourceQuality "1"]

1. c4 e6 2. d4 d5 3. Nc3 Nf6 4. Nf3 Be7 5. Bg5 Nbd7 6. e3 0-0 7. Qc2 c5 8. 0-0-0 cxd4 9. exd4 dxc4 10. Bxc4 a6 11. Kb1 b5 12. Bd3 Bb7 13. Ne5 h6 14. h4 b4 15. Na4 Rc8 16. Qe2 Nxe5 17. dxe5 Nd5 18. Bxh6 gxh6 19. Qg4+ Kh8 20. Qh5 Kg7 21. Qg4+ Kh8 22. Qh5 Kg7 23. Qg4+ 1/2-1/2

[Event "SWE-chT 1718 Elite"]
[Site "Sweden"]
[Date "2018.02.24"]
[Round "6.5"]
[White "Vernersson, Per"]
[Black "Agrest, Inna"]
[Result "0-1"]
[WhiteElo "2278"]
[BlackElo "2271"]
[PlyCount "80"]
[EventDate "2017.10.20"]
[EventType "team-tourn"]
[EventRounds "9"]
[EventCountry "SWE"]
[SourceTitle "EXT 2019"]
[Source "ChessBase"]
[SourceDate "2018.10.10"]
[SourceVersion "1"]
[SourceVersionDate "2018.10.10"]
[SourceQuality "1"]
[WhiteTeam "Eksjo"]
[BlackTeam "Malmo"]
[WhiteTeamCountry "SWE"]
[BlackTeamCountry "SWE"]

1. d4 Nf6 2. c4 g6 3. Nc3 Bg7 4. e4 d6 5. Be2 0-0 6. Nf3 Nbd7 7. 0-0 e5 8. Qc2 Nh5 9. Rd1 c6 10. Rb1 Nf4 11. Bf1 Qf6 12. Be3 h6 13. d5 c5 14. Ne1 g5 15. f3 Qg6 16. g3 Nf6 17. Kh1 Nh3 18. Nd3 g4 19. Bxh3 gxh3 20. Nf2 Nh7 21. Qe2 f5 22. Rg1 Rf7 23. Rbf1 Bd7 24. exf5 Qxf5 25. Nfe4 Qg6 26. g4 Raf8 27. Rg3 a6 28. Rf2 b5 29. Bc1 b4 30. Nd1 Bf6 31. Rxh3 Bg5 32. Be3 Bxg4 33. Nxg5 Nxg5 34. Rg3 Bxf3+ 35. Rfxf3 Rxf3 36. Bxg5 Rxg3 37. hxg3 Qxg5 38. Kg2 h5 39. Nf2 h4 40. Ne4 Qg6 0-1

[Event "Vaxjo op"]
[Site "Vaxjo"]
[Date "2018.02.11"]
[Round "8"]
[White "Vernersson, Per"]
[Black "Nilsson, Anders1111"]
[Result "1/2-1/2"]
[WhiteElo "2290"]
[BlackElo "2197"]
[PlyCount "68"]
[EventDate "2018.02.09"]
[EventType "swiss"]
[EventRounds "8"]
[EventCountry "SWE"]
[SourceTitle "CBM 182 Extra"]
[Source "ChessBase"]
[SourceDate "2018.02.23"]
[SourceVersion "1"]
[SourceVersionDate "2018.02.23"]
[SourceQuality "1"]

1. d4 d6 2. e4 Nf6 3. Nc3 c6 4. Nf3 Bg4 5. Be2 e6 6. 0-0 d5 7. e5 Nfd7 8. Bg5 Be7 9. Bxe7 Qxe7 10. Ne1 Bxe2 11. Nxe2 Na6 12. f4 f5 13. exf6 gxf6 14. Nf3 0-0-0 15. Qd2 Nc7 16. a4 h5 17. b3 h4 18. c4 Rde8 19. Rae1 e5 20. fxe5 fxe5 21. cxd5 Nxd5 22. Nxe5 Nxe5 23. dxe5 Qxe5 24. Nf4 Ne3 25. Rf3 Nc4 26. Rxe5 Nxd2 27. Rxe8+ Rxe8 28. Rd3 Rf8 29. g3 hxg3 30. hxg3 Rd8 31. b4 a5 32. bxa5 Rxd3 33. Nxd3 Nc4 34. Kf2 Nxa5 1/2-1/2

[Event "SWE-chT 1516"]
[Site "Sweden"]
[Date "2016.03.20"]
[Round "9.1"]
[White "Vernersson, Per"]
[Black "Kenneskog, Theodor"]
[Result "1/2-1/2"]
[WhiteElo "2318"]
[BlackElo "2329"]
[PlyCount "126"]
[EventDate "2015.11.06"]
[EventType "team-tourn"]
[EventRounds "9"]
[EventCountry "SWE"]
[SourceTitle "EXT 2017"]
[Source "ChessBase"]
[SourceDate "2016.10.25"]
[SourceVersion "1"]
[SourceVersionDate "2016.10.25"]
[SourceQuality "1"]
[WhiteTeam "Eksjo"]
[BlackTeam "Stockholm Rockaden"]
[WhiteTeamCountry "SWE"]
[BlackTeamCountry "SWE"]

1. d4 Nf6 2. c4 g6 3. Nc3 d5 4. Bf4 Bg7 5. e3 0-0 6. cxd5 Nxd5 7. Nxd5 Qxd5 8. Bxc7 Na6 9. Bxa6 Qxg2 10. Qf3 Qxf3 11. Nxf3 bxa6 12. Rg1 f6 13. Ke2 Rf7 14. Rac1 e5 15. d5 e4 16. Nd2 f5 17. b4 Bd7 18. f4 Bb5+ 19. Kf2 Rd7 20. d6 Bf8 21. Nb3 Bxd6 22. Bxd6 Rxd6 23. Nd4 Rad8 24. Rc5 Rd5 25. Rgc1 R5d7 26. h4 h5 27. Rc8 Rxc8 28. Rxc8+ Kf7 29. Ke1 Rb7 30. Rc5 Bd7 31. a3 Ke7 32. Kd2 Kd6 33. Kc3 Rb6 34. Kb3 Rb8 35. Ra5 Rb6 36. Rc5 Rb8 37. Kb2 Rb6 38. Kc3 Rb8 39. Nb3 Bb5 40. Kd4 Re8 41. Na5 Rb8 42. Rd5+ Ke7 43. Nb3 Bd7 44. Kc3 Rb6 45. Nd4 Be6 46. Re5 Kd7 47. Rc5 Rd6 48. a4 Rb6 49. Ra5 Kc7 50. Rc5+ Kd7 51. Re5 Rd6 52. Ra5 Rb6 53. b5 Kc7 54. Kb4 Bc8 55. Kc5 Bb7 56. bxa6 Bxa6 57. Kd5 Bb7+ 58. Ke5 a6 59. Ne6+ Kd7 60. Nc5+ Kc6 61. Ne6 Kd7 62. Nc5+ Kc6 63. Ne6 Kd7 1/2-1/2

[Event "SWE-chT 1516"]
[Site "Sweden"]
[Date "2016.03.19"]
[Round "8.4"]
[White "Glimbrant, Torbjorn"]
[Black "Vernersson, Per"]
[Result "1/2-1/2"]
[WhiteElo "2192"]
[BlackElo "2318"]
[PlyCount "132"]
[EventDate "2015.11.06"]
[EventType "team-tourn"]
[EventRounds "9"]
[EventCountry "SWE"]
[SourceTitle "EXT 2017"]
[Source "ChessBase"]
[SourceDate "2016.10.25"]
[SourceVersion "1"]
[SourceVersionDate "2016.10.25"]
[SourceQuality "1"]
[WhiteTeam "Kungstornet"]
[BlackTeam "Eksjo"]
[WhiteTeamCountry "SWE"]
[BlackTeamCountry "SWE"]

1. d4 d5 2. c4 dxc4 3. Nf3 Nf6 4. e3 e6 5. Bxc4 c5 6. 0-0 a6 7. dxc5 Bxc5 8. Qxd8+ Kxd8 9. a3 Ke7 10. b4 Bd6 11. Bb2 b5 12. Be2 Bb7 13. Nbd2 Nbd7 14. Rfc1 Rhc8 15. h3 h6 16. Nd4 g6 17. Bf3 Bxf3 18. N2xf3 e5 19. Nb3 Nd5 20. Rxc8 Rxc8 21. Rc1 Rxc1+ 22. Bxc1 e4 23. Nfd2 f5 24. Bb2 Ne5 25. Bxe5 Bxe5 26. Nc5 Bb2 27. Nb1 Nc7 28. Kf1 Kd6 29. Ke2 Kc6 30. Nb3 Nd5 31. Kd2 Bf6 32. f3 exf3 33. gxf3 Nb6 34. Kd3 Nc4 35. Nd4+ Kd6 36. Nb3 Bb2 37. Nc5 Nxa3 38. Nxa3 Bxa3 39. Nxa6 Kc6 40. Kc3 Bc1 41. Kd3 g5 42. Nc5 Kd5 43. e4+ fxe4+ 44. fxe4+ Kd6 45. Ke2 Bb2 46. Nd3 Be5 47. Kf3 h5 48. Nc5 Bc3 49. Nd3 Ke6 50. Kg3 Be5+ 51. Kf3 Bd6 52. Kg2 g4 53. hxg4 hxg4 54. Kf2 Kf6 55. Kg2 Kg5 56. Kf2 Kh4 57. Kg2 g3 58. e5 Be7 59. e6 Kg4 60. Ne5+ Kf5 61. Nc6 Kxe6 62. Kxg3 Bd6+ 63. Kf3 Kd5 64. Na7 Kc4 65. Ke4 Bxb4 66. Nxb5 Kxb5 1/2-1/2